Slavic Roots - Statistics

General Stats
  • This quiz has been taken 48 times
  • The average score is 11 of 14
Answer Stats
Polska Русский English % Correct
być быть to be
93%
pić пить to drink
82%
czytać читать to read
82%
widzieć видеть to see
82%
pisać писать to write
82%
znać знать to know
80%
biegać бегать to run
78%
kupić купить to buy
76%
żyć жить to live
76%
dać дать to give
73%
grać играть to play
73%
jechać ехать to go
71%
pomagać помогать to help
71%
brać брать to take
67%
No matching quizzes found
Score Distribution
Percent of People with Each Score
Percentile by Number Answered
Your Score History
You have not taken this quiz